Cours d'exercices sur le calcul mathematique : algebrique, differentiel & integral : lecons de mathematiques a l'usage des ingenieurs

Saved in:
Bibliographic Details
Main Author: Laboureur, Maurice
Format: Book
Language:French
Published: Paris : Librairie Polytechnique Beranger, 1963
Subjects:
Tags: Add Tag
No Tags, Be the first to tag this record!

MARC

LEADER 00000cam a2200000 i 4500
001 1/97291
008 081114s1963 fre d
035 |l 10101660 
040 |a GR-MY-UA  |b gre  |e aacr 
041 0 |a fre 
082 0 |a 515  |2 (22) 
100 1 |a Laboureur, Maurice. 
245 1 0 |a Cours d'exercices sur le calcul mathematique :  |b algebrique, differentiel & integral : lecons de mathematiques a l'usage des ingenieurs /  |c par Maurice Laboureur 
260 |a Paris :   |b Librairie Polytechnique Beranger,   |c 1963 
300 |a xii, 334 σ.;  |b εικ.;  |c 24 εκ. 
500 |a Nouveau tirage. With 230 figures in the text 
650 0 0 |a Calculus  |v Problems, exercises, etc. 
852 |a INST  |b SAMOS  |c MAG  |e 20081114  |h 515 LAB  |p 005300029988  |q 005300029988  |t BK  |y 0 
901 |a BIBL3-2008-3 
909 |a Σ  |b 134771 
970 |a ΣΙΤΖΙΜΗ  |b ΓΙΑΣΕΜΗ  |z 2008/11/14